Piłkarze Manchester'u City - Statystyki

Ogólne statystyki
  • Ten quiz został rozwiązany 547 razy
    31 od ostatniego zresetowania
  • Średni wynik to 18 z 27
Statystyki odpowiedzi
Piłkarz Państwo Pozycja % Poprawnych
Gianluigi Donnarumma Włochy Bramkarz
100%
Josko Gvardiol Chorwacja Obrońca
96%
Rúben Dias Portugalia Obrońca
96%
Erling Haaland Norwegia Napastnik
93%
Omar Marmoush Egipt Napastnik
89%
Rodri Hiszpania Pomocnik
89%
Bernardo Silva Portugalia Pomocnik
86%
Jérémy Doku Belgia Napastnik
86%
Abdukodir Khusanov Uzbekistan Obrońca
82%
Nathan Aké Holandia Obrońca
79%
Antoine Semenyo Ghana Napastnik
75%
Rayan Cherki Francja Pomocnik
75%
Savinho Brazylia Napastnik
75%
John Stones Anglia Obrońca
71%
Phil Foden Anglia Pomocnik
71%
James Trafford Anglia Bramkarz
68%
Rayan Aït-Nouri Algeria Obrońca
68%
Tijjani Reijnders Holandia Pomocnik
68%
Mateo Kovacic Chorwacja Pomocnik
61%
Matheus Nunes Portugalia Obrońca
57%
Nico O'Reilly Anglia Obrońca
50%
Rico Lewis Anglia Obrońca
46%
Marc Guéhi Anglia Obrońca
43%
Nico González Hiszpania Pomocnik
32%
Marcus Bettinelli Anglia Bramkarz
29%
Sverre Nypan Norwegia Pomocnik
25%
Max Alleyne Anglia Obrońca
14%
Nie znaleziono quizów pasujących do podanych kryteriów
Rozkład punktacji
Procent ludzi z każdym wynikiem
Percentyl według liczby udzielonych odpowiedzi
Twoja historia wyników
Nie rozwiązałeś tego quizu od ostatniego zresetowania